000 00558 a2200193 4500
001 61911
005 20260407155911.0
008 260407a1977 arg spa d
003 AR-UNSa-BCEJYS
040 _aAR-UNSa-BCEJYS
_bspa
_cAR-UNSa-BCEJYS
080 _a347.44
_xContratos en general. Obligaciones
245 1 0 _aModelos de contratos y formulas de uso corriente
264 1 _aBuenos Aires :
_bA-Z Editora
_c1977
300 _a258 p.
_c23 cm.
041 _aspa
942 _cBK
590 _aniveau_biblio:m niveau_hierar:0
100 1 _aZocaro, José R.
999 _c7480
_d7480